000 00449nam a2200133 a 4500
001 000038939
005 20201002031429.0
008 130507s2013 dr ac 000 0 spa d
040 _aDO-SdBNP
_bspa
_cBNPHU
245 0 0 _aRendición de cuentas :
_bredimensionado la imagen del Ecuador, 2010-2012.
260 _aSanto Domingo :
_bEmbajada del Ecuador,
_c2013.
300 _a190 p. :
_bil., retrs. ;
_c28 cm.
500 _aIncluye notas al pie de las páginas
999 _c38429
_d38429